Fifty years of modern Syria and Lebanon / (Record no. 64567)
[ view plain ]
| 000 -LEADER | |
|---|---|
| fixed length control field | 00629nam a2200217 a 4500 |
| 001 - CONTROL NUMBER | |
| control field | 64567 |
| 003 - CONTROL NUMBER IDENTIFIER | |
| rucl marc code | BD-RjUL |
| 005 - DATE AND TIME OF LATEST TRANSACTION | |
| control field | 20211209081325.0 |
| 008 - FIXED-LENGTH DATA ELEMENTS--GENERAL INFORMATION | |
| fixed length control field | 170216s1950 le abc 001 0 eng d |
| 035 ## - SYSTEM CONTROL NUMBER | |
| System control number | (BD-RjUL)64697 |
| 040 ## - CATALOGING SOURCE | |
| Original cataloging agency | REB |
| Transcribing agency | REB |
| Modifying agency | BD-RjUL |
| Language of cataloging | eng |
| 041 ## - LANGUAGE CODE | |
| Language code of text/sound track or separate title | eng |
| 082 ## - DEWEY DECIMAL CLASSIFICATION NUMBER | |
| Edition number | 23 |
| Classification number | 956.9 |
| Author mark and year | HAF 1950 |
| 100 1# - MAIN ENTRY--PERSONAL NAME | |
| Personal name | Ḥaddad, George |
| Dates associated with a name | 1910- |
| 9 (RLIN) | 191508 |
| 245 10 - TITLE STATEMENT | |
| Title | Fifty years of modern Syria and Lebanon / |
| Statement of responsibility, etc. | George Haddad |
| 260 ## - PUBLICATION, DISTRIBUTION, ETC. (IMPRINT) | |
| Place of publication, distribution, etc. | Beirut : |
| Name of publisher, distributor, etc. | Printed at Dar-al-Hayat, |
| Date of publication, distribution, etc. | 1950 |
| 300 ## - PHYSICAL DESCRIPTION | |
| Pagination | xvi, 264 p. : |
| Illustrations | ill. ; |
| Size | 24 cm. |
| 651 #0 - SUBJECT ADDED ENTRY--GEOGRAPHIC NAME | |
| Geographic name | Syria |
| General subdivision | History |
| 9 (RLIN) | 191509 |
| Geographic name | Lebanon |
| General subdivision | History |
| 9 (RLIN) | 191510 |
| 942 ## - ADDED ENTRY ELEMENTS (KOHA) | |
| Source of classification or shelving scheme | Dewey Decimal Classification |
| Koha item type | Books |
| Lost status | Source of classification or shelving scheme | Damaged status | Not for loan | Collection code | Permanent Location | Current Location | Shelving location | Date acquired | Source of acquisition | Cost, normal purchase price | Total Checkouts | Full call number | Date last seen | Copy number | Koha item type |
|---|---|---|---|---|---|---|---|---|---|---|---|---|---|---|---|
| Dewey Decimal Classification | Not For Loan | Non-fiction | Central Library, University of Rajshahi | Central Library, University of Rajshahi | Reading Room | 15/11/1966 | A.H.quraishi | 9.60 | 956.9 HAF 1950 | 16/02/2017 | C-3 | Books | |||
| Dewey Decimal Classification | Non-fiction | Central Library, University of Rajshahi | Central Library, University of Rajshahi | 19/02/2019 | 956.9 HAF 1950 | 19/02/2019 | C-2 | Books |